000 00349nam a2200145Ia 4500
008 230917s9999||||xx |||||||||||||| ||und||
040 _e114933
_aMAIN
041 _aEnglish
082 _a621.815 K529T
100 _aKhurmi, R S
245 0 _aText book of machine design
260 _aNew Delhi
_bS Chand
_c2008
300 _a1230 p.
942 _cBK
999 _c141504
_d141504